| 000 | 02181nam0a2200361 4500 | ||
|---|---|---|---|
| 001 | RU\NLR\bibl\1061021 | ||
| 005 | 20260407082748.0 | ||
| 010 |
_a5-86937-001-9 _9100 |
||
| 021 |
_aRU _b2007-6701 _9357 |
||
| 035 | _a(NLR Aleph) 001048293 | ||
| 090 |
_a862268 _c862268 |
||
| 100 | _a20070319d2005 |||y0rusy50 ca | ||
| 101 | 0 | _arus | |
| 102 | _aRU | ||
| 105 | _aa ||||||||| | ||
| 200 | 1 |
_aКалендарные обряды и обрядовая поэзия Воронежской области _e[сборник] _fВоронеж. гос. ун-т, Филол. фак., Каф. теории лит. и фольклора, Лаб. нар. культуры им. проф. С.Г. Лазутина, Воронеж. гос. акад. искусств, Каф. этномузыкологии, Каб. нар. музыки _g[сост. доц. Пухова Т.Ф., Христова Г.П. _gнауч. ред. проф. Ковалев Г.Ф.] |
|
| 210 |
_aВоронеж _cВоронежский государственный университет _d2005 |
||
| 215 |
_a246 с. _d29 |
||
| 225 | 1 |
_aАфанасьевский сборник _eматериалы и исследования _vвып. 3 |
|
| 320 | _aБиблиогр. в подстроч. прим. | ||
| 606 | 1 |
_aОбрядовая поэзия русская _yВоронежская область _92528151 _3RU\NLR\auth\661497660 |
|
| 606 | 1 |
_aОбычаи и обряды календарные _jСборники _yВоронежская область _92527833 _3RU\NLR\auth\661497480 |
|
| 686 | _aШ3(2=1Р)-633.0-99 | ||
| 686 | _aТ3(2Р345-4Вр)-524.1я43 | ||
| 702 | 1 |
_4340 _8rus _7ca _aКовалев _bГ. Ф. _cд-р филол. наук _f1943- _gГеннадий Филиппович _3RU\NLR\auth\7728940 _911969 |
|
| 702 | 1 |
_aПухова _bТ. Ф. _4220 |
|
| 712 | 0 | 2 |
_4570 _aЛаборатория народной культуры им. С. Г. Лазутина _cВоронеж _3RU\NLR\AUTH\8810043515 _9586545 |
| 801 | 0 |
_aRU _bNLR _c20070319 _gRCR |
|
| 801 | 1 |
_aRU _bNLR _c20070319 |
|
| 942 | _cBOOK | ||
| 980 | _aNB | ||